000 00460nam a2200169Ia 4500
008 260407s2024 xx 000 0 und d
041 _aeng
082 _a615.321/GOK
_b12415
100 _aS.B.GOKHALE
245 _aA PRACTICAL BOOK ON PHARMACOGNOSY PHYTOCHEMISTRY-I
250 _a5TH
260 _aPUNE
_bNIRALI PRAKASHAN
_c2024
300 _a49p
650 _aPHARMACOGNOSY
650 _aPHARMACOGNOSY AND PHYTOCHEMISTRY-I
700 _aDR.M.G.KALASKAR
999 _c1219907
_d1219907